000 00691nam a2200301Ia 4500
005 20260330160945.0
008 008 300114s9999 xx 000 0 eng d
020 _a9780335226641
037 _aEBOOK
040 _aCRL
040 _beng
040 _cCRL
041 _2eng
041 _aeng
084 _qCRL
100 _aNichols
245 0 _aLeading a Support Group
250 _a1
260 _bMcgraw Hill
260 _c2006
365 _aINR
365 _b122400
650 _aPsychology
856 _uhttps://resolver.vitalsource.com/9780335226641/?brand=mcgrawhillindia.vitalsource.com
942 _cEBOOK
999 _c1844446
_d1844446